[Event "Madrid ch Superveteranos 2021-2022"]
[Site "Madrid ESP"]
[Date "2022.04.18"]
[Round "1.1"]
[White "Pastor Alonso De Prado, Alberto"]
[Black "Calderon Martin, Antonio"]
[Result "1-0"]
[WhiteElo "2088"]
[BlackElo "1598"]
[PlyCount "63"]
[EventDate "2022.04.18"]
[EventType "swiss"]
[EventRounds "7"]
[EventCountry "ESP"]
[SourceTitle "Ajedrez en Madrid"]
[Source "lmi"]
[SourceDate "2022.04.18"]
[SourceVersion "1"]
[SourceVersionDate "2022.04.28"]
[SourceQuality "1"]

1. Nf3 d5 2. c4 c6 3. b3 e6 4. Bb2 Nf6 5. g3 g6 6. Bg2 Bg7 7. O-O O-O 8. d4
Nbd7 9. Qc2 Ne4 10. Ne5 f5 11. Nd3 g5 12. f3 Nef6 13. Nd2 Nh5 14. e4 f4 15. g4
dxe4 16. Nxe4 Nhf6 17. Nxg5 Nxg4 18. Nxe6 Ne3 19. Qf2 Qf6 20. d5 Qf5 21. Ndxf4
Bxb2 22. Qxb2 Rf7 23. Rf2 cxd5 24. Bh3 Qe5 25. cxd5 Qxb2 26. Rxb2 Nf6 27. Kf2
Nexd5 28. Nxd5 Nxd5 29. Rg1+ Kh8 30. Rd2 Re7 31. Rxd5 Bxe6 32. Re5 1-0

[Event "Madrid ch Superveteranos 2021-2022"]
[Site "Madrid ESP"]
[Date "2022.04.18"]
[Round "1.2"]
[White "De Los Rios Camacho, Juan Antonio"]
[Black "Barez Menendez, Hector"]
[Result "0-1"]
[WhiteElo "1597"]
[BlackElo "2058"]
[PlyCount "58"]
[EventDate "2022.04.18"]
[EventType "swiss"]
[EventRounds "7"]
[EventCountry "ESP"]
[SourceTitle "Ajedrez en Madrid"]
[Source "lmi"]
[SourceDate "2022.04.18"]
[SourceVersion "1"]
[SourceVersionDate "2022.04.28"]
[SourceQuality "1"]

1. e4 e5 2. Nf3 Nf6 3. d3 Nc6 4. c3 d5 5. Nbd2 a5 6. a4 Bc5 7. Be2 O-O 8. h3
Re8 9. Qc2 Bb6 10. Nf1 d4 11. g4 Qd6 12. Ng3 Qc5 13. c4 Qf8 14. Bg5 Nd7 15. Nf5
Nc5 16. h4 Nb4 17. Qd1 Bd7 18. h5 f6 19. Bh4 h6 20. Bg3 Rad8 21. N3h4 Bc6 22.
Ng6 Qf7 23. f3 Kh7 24. g5 Bd7 25. Nxe5 Qe6 26. Nxd4 Qd6 27. gxf6 gxf6 28. Ng4
Qxg3+ 29. Kf1 Bxg4 0-1

[Event "Madrid ch Superveteranos 2021-2022"]
[Site "Madrid ESP"]
[Date "2022.04.18"]
[Round "1.5"]
[White "Ciuro Muñoz, Ricardo"]
[Black "Becerra Baigorri, Jose"]
[Result "1-0"]
[WhiteElo "1895"]
[BlackElo "1545"]
[PlyCount "89"]
[EventDate "2022.04.18"]
[EventType "swiss"]
[EventRounds "7"]
[EventCountry "ESP"]
[SourceTitle "Ajedrez en Madrid"]
[Source "lmi"]
[SourceDate "2022.04.18"]
[SourceVersion "1"]
[SourceVersionDate "2022.04.28"]
[SourceQuality "1"]

1. e4 e5 2. Nf3 Nc6 3. Bb5 a6 4. Ba4 Nf6 5. O-O Be7 6. Re1 b5 7. Bb3 d6 8. c3
O-O 9. d3 Bg4 10. Nbd2 Na5 11. Bc2 c5 12. Nf1 Nc6 13. Ng3 Qc7 14. h3 Bd7 15.
Bg5 h6 16. Be3 Rfe8 17. Rc1 Be6 18. Bb1 Bf8 19. d4 Ne7 20. Nh4 g6 21. Qd2 Kh7
22. f4 exf4 23. Bxf4 Rad8 24. Qf2 Neg8 25. Be3 cxd4 26. Bxd4 Nd7 27. Nf3 Bg7
28. Nf5 Be5 29. Ne3 Nb8 30. Ng4 Bxg4 31. Nxe5 dxe5 32. Bb6 Qe7 33. Bxd8 Rxd8
34. hxg4 Kg7 35. Rcd1 Rxd1 36. Rxd1 Nf6 37. Qb6 Nxg4 38. g3 Nd7 39. a4 bxa4 40.
Qd6 Qxd6 41. Rxd6 Nc5 42. Rc6 Nb3 43. Rxa6 Nd2 44. Bd3 Nf3+ 45. Kf1 1-0

[Event "Madrid ch Superveteranos 2021-2022"]
[Site "Madrid ESP"]
[Date "2022.04.18"]
[Round "1.6"]
[White "Ramos Antona, Enrique"]
[Black "Cabañas Bravo, Juan Andres"]
[Result "0-1"]
[WhiteElo "1540"]
[BlackElo "1891"]
[PlyCount "80"]
[EventDate "2022.04.18"]
[EventType "swiss"]
[EventRounds "7"]
[EventCountry "ESP"]
[SourceTitle "Ajedrez en Madrid"]
[Source "lmi"]
[SourceDate "2022.04.18"]
[SourceVersion "1"]
[SourceVersionDate "2022.04.28"]
[SourceQuality "1"]

1. d4 Nf6 2. c4 e5 3. dxe5 Ng4 4. Nf3 Bc5 5. e3 Nc6 6. a3 a5 7. b3 O-O 8. Be2
Re8 9. O-O Ngxe5 10. Nxe5 Nxe5 11. Bb2 Ra6 12. Nd2 Rh6 13. Bd4 Bxd4 14. exd4
Qh4 15. h3 Qxd4 16. Qc2 d6 17. Rad1 Qf4 18. g3 Qg5 19. Nf3 Nxf3+ 20. Bxf3 Rxh3
21. Rfe1 Rxg3+ 22. fxg3 Qxg3+ 23. Bg2 Rxe1+ 24. Rxe1 Qxe1+ 25. Kh2 Qe5+ 26. Kg1
Bf5 27. Qf2 Qc5 28. Bxb7 Bc2 29. b4 axb4 30. axb4 Qxf2+ 31. Kxf2 g5 32. Ke3 f5
33. c5 dxc5 34. bxc5 Kf7 35. Kd4 Ke7 36. Ke5 h5 37. Bc8 h4 38. Bb7 h3 39. Bh1
h2 40. Kd4 Be4 0-1

[Event "Madrid ch Superveteranos 2021-2022"]
[Site "Madrid ESP"]
[Date "2022.04.18"]
[Round "1.7"]
[White "De Paz Nistal, Santiago"]
[Black "Lopez Martinez, Antonio"]
[Result "1-0"]
[WhiteElo "1874"]
[BlackElo "1511"]
[PlyCount "69"]
[EventDate "2022.04.18"]
[EventType "swiss"]
[EventRounds "7"]
[EventCountry "ESP"]
[SourceTitle "Ajedrez en Madrid"]
[Source "lmi"]
[SourceDate "2022.04.18"]
[SourceVersion "1"]
[SourceVersionDate "2022.04.28"]
[SourceQuality "1"]

1. e4 e5 2. Nf3 d6 3. d4 exd4 4. Nxd4 Be7 5. c4 c6 6. Nc3 Nf6 7. Be2 Qc7 8. O-O
O-O 9. Bf4 Nbd7 10. Nf5 Ne5 11. Nxe7+ Qxe7 12. f3 Be6 13. c5 Rad8 14. cxd6 Rxd6
15. Qa4 b5 16. Qb4 Nfd7 17. Rad1 c5 18. Qa5 a6 19. Qc7 Rc6 20. Rxd7 Rxc7 21.
Rxe7 Rxe7 22. Bxe5 Rd7 23. Bf4 Rc8 24. Rc1 c4 25. Kf2 f6 26. a3 g5 27. Be3 h6
28. h4 Kg7 29. hxg5 hxg5 30. e5 fxe5 31. Bxg5 Kg6 32. Be3 Bf5 33. Rh1 Bd3 34.
Rh6+ Kf5 35. g4# 1-0

[Event "Madrid ch Superveteranos 2021-2022"]
[Site "Madrid ESP"]
[Date "2022.04.18"]
[Round "1.8"]
[White "Conchillo Roman, Jose Ignacio"]
[Black "Camarero Izquierdo, Juan Carlos"]
[Result "0-1"]
[WhiteElo "1490"]
[BlackElo "1829"]
[PlyCount "44"]
[EventDate "2022.04.18"]
[EventType "swiss"]
[EventRounds "7"]
[EventCountry "ESP"]
[SourceTitle "Ajedrez en Madrid"]
[Source "lmi"]
[SourceDate "2022.04.18"]
[SourceVersion "1"]
[SourceVersionDate "2022.04.28"]
[SourceQuality "1"]

1. e4 c5 2. d4 cxd4 3. c3 dxc3 4. Nxc3 e6 5. Nf3 Bb4 6. Bd3 Nf6 7. O-O h6 8.
Bf4 O-O 9. Nb5 d6 10. Rc1 Nc6 11. a3 a6 12. axb4 axb5 13. Bxb5 Nxe4 14. Bxc6
bxc6 15. Rxc6 d5 16. Nd2 Ba6 17. Re1 Bb5 18. Rc1 f5 19. Re3 Qf6 20. Nb3 Ra2 21.
Rh3 Rxb2 22. f3 Nf2 0-1

[Event "Madrid ch Superveteranos 2021-2022"]
[Site "Madrid ESP"]
[Date "2022.04.18"]
[Round "1.9"]
[White "Fernandez Garcia, Ignacio"]
[Black "Ghavami, Mahmoud"]
[Result "1-0"]
[WhiteElo "1796"]
[BlackElo "1470"]
[PlyCount "161"]
[EventDate "2022.04.18"]
[EventType "swiss"]
[EventRounds "7"]
[EventCountry "ESP"]
[SourceTitle "Ajedrez en Madrid"]
[Source "lmi"]
[SourceDate "2022.04.18"]
[SourceVersion "1"]
[SourceVersionDate "2022.04.28"]
[SourceQuality "1"]

1. e4 c5 2. Nf3 d6 3. Bc4 Nf6 4. e5 dxe5 5. Nxe5 e6 6. d3 a6 7. a4 Qc7 8. Qe2
Nc6 9. Nf3 Be7 10. c3 O-O 11. Na3 Re8 12. Nc2 b6 13. O-O Na5 14. Ba2 Bb7 15.
Bg5 Nd5 16. Bxd5 exd5 17. Qd2 d4 18. Bf4 Qd7 19. Qd1 Qf5 20. Bg3 Bxf3 21. Qxf3
Qxf3 22. gxf3 dxc3 23. bxc3 Bf6 24. Rab1 Re2 25. Ne3 Bxc3 26. Rxb6 Rd2 27. Rfb1
h6 28. Rd6 Bd4 29. Nf5 Rxd3 30. Kg2 Nb3 31. Re1 g6 32. Nxh6+ Kg7 33. Ng4 c4 34.
Re7 Nc5 35. Rxd4 Rxd4 36. Be5+ Kf8 37. Bxd4 Kxe7 38. Bxc5+ Ke6 39. Ne3 Rc8 40.
Ba3 c3 41. Kf1 c2 42. Bc1 Rd8 43. Ke2 Rd4 44. Nxc2 Rxa4 45. f4 f5 46. Be3 Kd5
47. Kd3 Kc6 48. h4 Kd5 49. Bd4 Kc6 50. Kc3 Kd5 51. Kd3 Kc6 52. Ne1 Ra2 53. Nf3
Ra3+ 54. Bc3 Ra2 55. Ne5+ Kd5 56. Bd2 Ra3+ 57. Ke2 Rh3 58. Nxg6 Ke6 59. Be3 Kf6
60. Ne5 Rxh4 61. Kd3 Rh7 62. Kc4 Rb7 63. Nc6 Rc7 64. Kc5 Rb7 65. Nd4 Rb1 66.
Nc6 Ke6 67. Nb4 a5 68. Nc6 a4 69. Nd4+ Kf6 70. Nb5 Rb3 71. Kc4 Kg6 72. Nc3 Rb8
73. Nxa4 Re8 74. Nc5 Kh5 75. Kd4 Kg4 76. Nd3 Re4+ 77. Kd5 Re8 78. Ne5+ Kh5 79.
Kd6 Kh6 80. Kd7 Ra8 81. Ke6 1-0

[Event "Madrid ch Superveteranos 2021-2022"]
[Site "Madrid ESP"]
[Date "2022.04.18"]
[Round "1.10"]
[White "Castro Uceda, Jose Antonio"]
[Black "Ortiz Landeira, Jose Antonio"]
[Result "0-1"]
[WhiteElo "1446"]
[BlackElo "1783"]
[PlyCount "124"]
[EventDate "2022.04.18"]
[EventType "swiss"]
[EventRounds "7"]
[EventCountry "ESP"]
[SourceTitle "Ajedrez en Madrid"]
[Source "lmi"]
[SourceDate "2022.04.18"]
[SourceVersion "1"]
[SourceVersionDate "2022.04.28"]
[SourceQuality "1"]

1. e4 c5 2. Nf3 Nc6 3. d4 cxd4 4. Nxd4 e5 5. Nb5 a6 6. Nd6+ Bxd6 7. Qxd6 Qe7 8.
Qxe7+ Ngxe7 9. c3 d5 10. exd5 Nxd5 11. Bc4 Be6 12. Bd3 O-O 13. O-O f5 14. f3
Nf6 15. Nd2 Rad8 16. Bc4 Rfe8 17. Bxe6+ Rxe6 18. Nc4 b5 19. Ne3 g6 20. Nc2 e4
21. Bg5 Kg7 22. Rad1 h6 23. Rxd8 Nxd8 24. Be3 exf3 25. Rxf3 Nc6 26. Bd4 Kf7 27.
Bxf6 Kxf6 28. Re3 Rd6 29. Kf2 Ne5 30. Ke2 Nc4 31. Rd3 Re6+ 32. Kf2 Nxb2 33. Rd8
Rc6 34. Ne3 Kg5 35. Rd2 Na4 36. c4 bxc4 37. Rd4 Nc3 38. Ke1 Nxa2 39. Nxc4 Nc3
40. Nd6 Nb5 41. Nf7+ Kf6 42. Rd7 Re6+ 43. Kd2 h5 44. Kd3 Re7 45. Rxe7 Kxe7 46.
Ne5 Kf6 47. Nd7+ Kg5 48. Kc4 Kf4 49. Nc5 Nc7 50. Kd3 h4 51. Nb3 g5 52. Na5 g4
53. Nc4 h3 54. g3+ Kf3 55. Ne3 f4 56. gxf4 Kxf4 57. Ke2 a5 58. Nf1 a4 59. Kf2
a3 60. Nd2 Nb5 61. Nb3 Nc3 62. Nd2 Ne4+ 0-1

[Event "Madrid ch Superveteranos 2021-2022"]
[Site "Madrid ESP"]
[Date "2022.04.18"]
[Round "1.11"]
[White "Jimenez Jimenez, Jose Luis"]
[Black "Salgado Duarte, Pablo"]
[Result "1-0"]
[WhiteElo "1780"]
[BlackElo "1435"]
[PlyCount "73"]
[EventDate "2022.04.18"]
[EventType "swiss"]
[EventRounds "7"]
[EventCountry "ESP"]
[SourceTitle "Ajedrez en Madrid"]
[Source "lmi"]
[SourceDate "2022.04.18"]
[SourceVersion "1"]
[SourceVersionDate "2022.04.28"]
[SourceQuality "1"]

1. e4 e5 2. Nf3 d6 3. d4 exd4 4. Nxd4 Nf6 5. Nc3 Bd7 6. Bc4 Be7 7. O-O O-O 8.
Be3 Nc6 9. f3 Nxd4 10. Qxd4 a6 11. a4 Be6 12. Rfd1 c5 13. Qd3 Qb6 14. a5 Qc7
15. Bf4 Qc6 16. Bxe6 fxe6 17. Bxd6 Rfd8 18. e5 Ne8 19. Qc4 Bxd6 20. Qxe6+ Kh8
21. exd6 Nxd6 22. Rd5 Qc7 23. Qe5 Qc6 24. Rxc5 Nf7 25. Rxc6 Nxe5 26. Rc7 Rab8
27. Ne4 h6 28. Ra3 Nc6 29. c3 Ne5 30. Ra1 b5 31. axb6 Rxb6 32. b4 Ra8 33. Rd1
a5 34. Rd5 Ng6 35. Rxa5 Rd8 36. Raa7 Nf4 37. Rxg7 1-0

[Event "Madrid ch Superveteranos 2021-2022"]
[Site "Madrid ESP"]
[Date "2022.04.18"]
[Round "1.12"]
[White "De Juan Rivas, Antonio"]
[Black "Barahona Torrijos, Angel"]
[Result "0-1"]
[WhiteElo "1420"]
[BlackElo "1765"]
[PlyCount "74"]
[EventDate "2022.04.18"]
[EventType "swiss"]
[EventRounds "7"]
[EventCountry "ESP"]
[SourceTitle "Ajedrez en Madrid"]
[Source "lmi"]
[SourceDate "2022.04.18"]
[SourceVersion "1"]
[SourceVersionDate "2022.04.28"]
[SourceQuality "1"]

1. d4 Nf6 2. Bf4 c5 3. e3 Qb6 4. b3 g6 5. Nf3 Bg7 6. h3 Nc6 7. Nbd2 cxd4 8. Nc4
Qb4+ 9. Nfd2 dxe3 10. Bxe3 Nd5 11. a3 Qc3 12. Rb1 b5 13. Nb2 Nxe3 14. fxe3
Qxe3+ 15. Qe2 Qxe2+ 16. Bxe2 a6 17. O-O Bb7 18. c4 b4 19. a4 Bd4+ 20. Kh2 Ne5
21. Nd3 Nxd3 22. Bxd3 O-O 23. Rbd1 f5 24. Nf3 Bf6 25. Be2 Rad8 26. Ne1 e5 27.
Nd3 a5 28. Nc5 Bc6 29. Rd2 Bg5 30. Rd3 e4 31. Rd6 Be7 32. Rxc6 dxc6 33. Ne6 Rd2
34. Nxf8 Kxf8 35. Bd1 Bd6+ 36. Kg1 Bg3 37. Kh1 e3 0-1

[Event "Madrid ch Superveteranos 2021-2022"]
[Site "Madrid ESP"]
[Date "2022.04.18"]
[Round "1.13"]
[White "Cabrera Jimenez, Julio"]
[Black "Infante Martin, Alonso"]
[Result "0-1"]
[WhiteElo "1757"]
[BlackElo "1400"]
[PlyCount "72"]
[EventDate "2022.04.18"]
[EventType "swiss"]
[EventRounds "7"]
[EventCountry "ESP"]
[SourceTitle "Ajedrez en Madrid"]
[Source "lmi"]
[SourceDate "2022.04.18"]
[SourceVersion "1"]
[SourceVersionDate "2022.04.28"]
[SourceQuality "1"]

1. e4 e5 2. Nf3 Nc6 3. Bb5 a6 4. Ba4 Nf6 5. O-O Be7 6. d3 b5 7. Bb3 d6 8. a4 b4
9. a5 Rb8 10. c3 Na7 11. cxb4 Rxb4 12. Nc3 c6 13. Be3 Qc7 14. Bb6 Qb7 15. Na2
Rxb6 16. axb6 Qxb6 17. Nc3 Bg4 18. Na4 Qb7 19. Bc4 Nb5 20. h3 Bh5 21. g4 Nxg4
22. hxg4 Bxg4 23. Bxb5 axb5 24. Nc3 Qc8 25. Re1 Bh5 26. Kh2 Bg5 27. Rg1 Bf4+
28. Rg3 O-O 29. Kg2 Bxg3 30. fxg3 f5 31. Qh1 Bg4 32. exf5 Qxf5 33. Kh2 Bxf3 34.
Qe1 Qh5+ 35. Kg1 Qh1+ 36. Kf2 Bd1+ 0-1

[Event "Madrid ch Superveteranos 2021-2022"]
[Site "Madrid ESP"]
[Date "2022.04.18"]
[Round "1.14"]
[White "Lopez Manso, Jeronimo"]
[Black "Lopez Heras, Arturo"]
[Result "1-0"]
[WhiteElo "1397"]
[BlackElo "1739"]
[PlyCount "126"]
[EventDate "2022.04.18"]
[EventType "swiss"]
[EventRounds "7"]
[EventCountry "ESP"]
[SourceTitle "Ajedrez en Madrid"]
[Source "lmi"]
[SourceDate "2022.04.18"]
[SourceVersion "1"]
[SourceVersionDate "2022.04.28"]
[SourceQuality "1"]

1. f4 d5 2. e3 Nf6 3. Nf3 Bg4 4. Be2 g6 5. O-O Bg7 6. Nc3 O-O 7. h3 Bxf3 8.
Bxf3 c6 9. g4 d4 10. Ne4 Nxe4 11. Bxe4 Nd7 12. c3 Nc5 13. Bf3 e5 14. cxd4 exd4
15. e4 Nd3 16. Be2 Nxc1 17. Rxc1 d3 18. Bf3 Bxb2 19. Rb1 Bd4+ 20. Kg2 Rb8 21.
e5 Re8 22. Be4 Bb6 23. Rf3 Qd4 24. Bxd3 Rbd8 25. Qc2 Rd5 26. Qc3 Red8 27. Qxd4
Rxd4 28. Rb3 Ba5 29. f5 Bxd2 30. fxg6 hxg6 31. Bb1 b5 32. Rf6 Rc4 33. Rbf3 Rd7
34. e6 fxe6 35. Rxg6+ Rg7 36. Rxe6 Rf7 37. Rd3 Ba5 38. Rdd6 c5 39. Re8+ Rf8 40.
Bh7+ Kg7 41. Rd7+ Rf7 42. Ree7 Rcf4 43. Bf5 Rxe7 44. Rxe7+ Kf6 45. Rxa7 Ra4 46.
Ra6+ Kg5 47. Rg6+ Kf4 48. Bb1 Rb4 49. Rf6+ Ke5 50. Rf5+ Kd6 51. Bd3 c4 52. Be4
Rb2+ 53. Kf3 Rxa2 54. g5 Rb2 55. g6 Bc3 56. h4 Be5 57. Rxe5 Kxe5 58. g7 Rb3+
59. Kg4 Kxe4 60. g8=Q Kd3 61. h5 Rb2 62. Qd5+ Kc3 63. h6 b4 1-0

[Event "Madrid ch Superveteranos 2021-2022"]
[Site "Madrid ESP"]
[Date "2022.04.18"]
[Round "1.15"]
[White "Garcia Esteban, Ignacio"]
[Black "Abad Martin-Camuñas, Luis"]
[Result "1-0"]
[WhiteElo "1730"]
[BlackElo "1377"]
[PlyCount "39"]
[EventDate "2022.04.18"]
[EventType "swiss"]
[EventRounds "7"]
[EventCountry "ESP"]
[SourceTitle "Ajedrez en Madrid"]
[Source "lmi"]
[SourceDate "2022.04.18"]
[SourceVersion "1"]
[SourceVersionDate "2022.04.28"]
[SourceQuality "1"]

1. e4 e5 2. Nf3 Nc6 3. Bb5 a6 4. Ba4 Nf6 5. O-O b5 6. Bb3 Bb7 7. Ng5 d5 8. exd5
Nxd5 9. d3 Na5 10. Qf3 f6 11. Ne6 Qd6 12. Bxd5 Bxd5 13. Qxd5 Rc8 14. Nc3 c6 15.
Qxd6 Bxd6 16. Nxg7+ Kf7 17. Nf5 Bc7 18. Bd2 Nb7 19. Ne4 Bb6 20. Nfd6+ 1-0

[Event "Madrid ch Superveteranos 2021-2022"]
[Site "Madrid ESP"]
[Date "2022.04.18"]
[Round "1.16"]
[White "Rufo Yebra, Benito"]
[Black "Perez Pascual, Arturo"]
[Result "1-0"]
[WhiteElo "1365"]
[BlackElo "1686"]
[PlyCount "77"]
[EventDate "2022.04.18"]
[EventType "swiss"]
[EventRounds "7"]
[EventCountry "ESP"]
[SourceTitle "Ajedrez en Madrid"]
[Source "lmi"]
[SourceDate "2022.04.18"]
[SourceVersion "1"]
[SourceVersionDate "2022.04.28"]
[SourceQuality "1"]

1. d4 d5 2. e3 Bf5 3. Bd3 Bg6 4. Nf3 Nf6 5. Ne5 e6 6. a3 Bd6 7. Nxg6 fxg6 8.
Nc3 Nbd7 9. e4 dxe4 10. Nxe4 Nxe4 11. Bxe4 c6 12. Qf3 Rf8 13. Qh3 Qf6 14. Be3
h6 15. O-O-O O-O-O 16. Bd3 Kb8 17. Bc4 e5 18. d5 Nb6 19. Bxb6 axb6 20. dxc6
bxc6 21. Qb3 Bc7 22. f3 Qf4+ 23. Kb1 Rd2 24. g3 Qd4 25. Bd3 Rxd1+ 26. Rxd1 Qd5
27. c4 Qxf3 28. Rf1 Qxf1+ 29. Bxf1 Rxf1+ 30. Ka2 Kb7 31. a4 c5 32. a5 Rf2 33.
axb6 Bxb6 34. Qe3 Rf5 35. g4 Rg5 36. h3 Ka6 37. Qf3 h5 38. Qa8+ Ba7 39. Qc8+
1-0

[Event "Madrid ch Superveteranos 2021-2022"]
[Site "Madrid ESP"]
[Date "2022.04.18"]
[Round "1.17"]
[White "Maseda Iglesias, Luis"]
[Black "Garcia Marin, Blas"]
[Result "1-0"]
[WhiteElo "1657"]
[BlackElo "1347"]
[PlyCount "79"]
[EventDate "2022.04.18"]
[EventType "swiss"]
[EventRounds "7"]
[EventCountry "ESP"]
[SourceTitle "Ajedrez en Madrid"]
[Source "lmi"]
[SourceDate "2022.04.18"]
[SourceVersion "1"]
[SourceVersionDate "2022.04.28"]
[SourceQuality "1"]

1. d4 d5 2. Nf3 Nc6 3. e3 g6 4. c4 e6 5. Nc3 Bg7 6. Be2 a6 7. O-O dxc4 8. Bxc4
b5 9. Be2 Bb7 10. a3 Nf6 11. Qc2 Ne7 12. Rd1 Ned5 13. Nxd5 Bxd5 14. Bd2 Be4 15.
Qb3 O-O 16. Bb4 Bd5 17. Qc2 Re8 18. Rac1 Rc8 19. Ba5 Re7 20. Ne5 Be4 21. Bd3
Qd5 22. Bxe4 Nxe4 23. Nc6 Rd7 24. Nb4 Qf5 25. f3 Qg5 26. Qxe4 Qe7 27. Nc6 Qe8
28. Qc2 Bh6 29. Bd2 Bg7 30. f4 f5 31. Bb4 Bf6 32. Ne5 Bxe5 33. dxe5 Rd5 34.
Rxd5 exd5 35. Qc6 Qf7 36. Qxa6 Qd7 37. Qc6 Qd8 38. Qe6+ Kg7 39. Be7 Qh8 40.
Bf6+ 1-0

[Event "Madrid ch Superveteranos 2021-2022"]
[Site "Madrid ESP"]
[Date "2022.04.18"]
[Round "1.18"]
[White "Siddiqie, Kausar Iqbal"]
[Black "Hortelano Hap, Ramon"]
[Result "1-0"]
[WhiteElo "1309"]
[BlackElo "1650"]
[PlyCount "91"]
[EventDate "2022.04.18"]
[EventType "swiss"]
[EventRounds "7"]
[EventCountry "ESP"]
[SourceTitle "Ajedrez en Madrid"]
[Source "lmi"]
[SourceDate "2022.04.18"]
[SourceVersion "1"]
[SourceVersionDate "2022.04.28"]
[SourceQuality "1"]

1. e4 c5 2. Nf3 Nc6 3. Bc4 e6 4. c3 d5 5. exd5 exd5 6. Bb5 Nf6 7. O-O Be7 8.
Ne5 Bd7 9. Nxd7 Qxd7 10. Re1 O-O 11. d4 a6 12. Bxc6 bxc6 13. Bg5 h6 14. Bh4 c4
15. Nd2 Rfe8 16. Nf3 Nh7 17. Bxe7 Rxe7 18. Rxe7 Qxe7 19. Ne5 Qd6 20. Qh5 Rf8
21. f4 Nf6 22. Qf3 Ne4 23. Rd1 f6 24. Ng6 Re8 25. Qh5 Qd7 26. Re1 f5 27. Ne5
Qe6 28. Re3 c5 29. dxc5 Nxc5 30. Nxc4 Ne4 31. Ne5 Rb8 32. b3 Rc8 33. c4 dxc4
34. Nxc4 Qd5 35. Rxe4 Qc5+ 36. Re3 Qd4 37. Qf3 Qa1+ 38. Qf1 Qxa2 39. Qe1 Rc7
40. Qd1 Rb7 41. Qd5+ Rf7 42. Re8+ Kh7 43. Qxf7 Qb1+ 44. Kf2 Qc2+ 45. Re2 Qxb3
46. Qxf5+ 1-0

[Event "Madrid ch Superveteranos 2021-2022"]
[Site "Madrid ESP"]
[Date "2022.04.18"]
[Round "1.19"]
[White "Martinez Rubio, Felipe"]
[Black "Plaza Plaza, Prudencio"]
[Result "1-0"]
[WhiteElo "1632"]
[BlackElo "1245"]
[PlyCount "55"]
[EventDate "2022.04.18"]
[EventType "swiss"]
[EventRounds "7"]
[EventCountry "ESP"]
[SourceTitle "Ajedrez en Madrid"]
[Source "lmi"]
[SourceDate "2022.04.18"]
[SourceVersion "1"]
[SourceVersionDate "2022.04.28"]
[SourceQuality "1"]

1. d4 Nf6 2. Bg5 e6 3. Nf3 h6 4. Bh4 d5 5. e3 Be7 6. Ne5 O-O 7. Bd3 Nbd7 8. f4
c5 9. c3 Nxe5 10. fxe5 Ne4 11. Bxe7 Qxe7 12. O-O b6 13. Nd2 Nxd2 14. Qxd2 a5
15. Qe2 c4 16. Bc2 b5 17. Rae1 Bd7 18. Bb1 b4 19. Bc2 g6 20. Rf6 bxc3 21. bxc3
a4 22. Qd2 a3 23. e4 Kg7 24. h4 h5 25. Qg5 Qd8 26. exd5 Be8 27. dxe6 fxe6 28.
Rxg6+ 1-0

[Event "Madrid ch Superveteranos 2021-2022"]
[Site "Madrid ESP"]
[Date "2022.04.19"]
[Round "2.1"]
[White "Barahona Torrijos, Angel"]
[Black "Pastor Alonso De Prado, Alberto"]
[Result "0-1"]
[WhiteElo "1765"]
[BlackElo "2088"]
[PlyCount "94"]
[EventDate "2022.04.18"]
[EventType "swiss"]
[EventRounds "7"]
[EventCountry "ESP"]
[SourceTitle "Ajedrez en Madrid"]
[Source "lmi"]
[SourceDate "2022.04.18"]
[SourceVersion "1"]
[SourceVersionDate "2022.04.28"]
[SourceQuality "1"]

1. e4 c6 2. d4 d5 3. f3 dxe4 4. fxe4 e5 5. Nf3 Bg4 6. Bc4 Qe7 7. O-O Nf6 8. Bg5
Nbd7 9. Qd3 O-O-O 10. c3 exd4 11. cxd4 Nc5 12. Qa3 Ncxe4 13. Qxa7 Nxg5 14. Qa8+
Kc7 15. Qa5+ Kb8 16. Qxg5 Bxf3 17. Qf4+ Qd6 18. Rxf3 Qxf4 19. Rxf4 Rxd4 20.
Rxd4 Bc5 21. Nc3 Bxd4+ 22. Kf1 Bxc3 23. bxc3 Ne4 24. Rd1 Kc7 25. Rd3 Re8 26. g3
f5 27. Kg2 Nd6 28. Bb3 Re2+ 29. Kg1 Ne4 30. h3 g6 31. g4 f4 32. Bc4 Re1+ 33.
Kg2 g5 34. Kf3 Nc5 35. Rd2 Re3+ 36. Kg2 Rg3+ 37. Kh2 Rxc3 38. Bg8 h6 39. h4
gxh4 40. Rf2 f3 41. Kh3 Kd6 42. Kxh4 Ke5 43. Bh7 Kf4 44. Rd2 Rc1 45. Rh2 Rg1
46. Bf5 Rg2 47. Rh1 f2 0-1

[Event "Madrid ch Superveteranos 2021-2022"]
[Site "Madrid ESP"]
[Date "2022.04.19"]
[Round "2.2"]
[White "Barez Menendez, Hector"]
[Black "Garcia Esteban, Ignacio"]
[Result "1-0"]
[WhiteElo "2058"]
[BlackElo "1730"]
[PlyCount "71"]
[EventDate "2022.04.18"]
[EventType "swiss"]
[EventRounds "7"]
[EventCountry "ESP"]
[SourceTitle "Ajedrez en Madrid"]
[Source "lmi"]
[SourceDate "2022.04.18"]
[SourceVersion "1"]
[SourceVersionDate "2022.04.28"]
[SourceQuality "1"]

1. d4 Nf6 2. Nf3 g6 3. c4 Bg7 4. g3 d5 5. cxd5 Nxd5 6. Bg2 Nf6 7. Nc3 c6 8. O-O
O-O 9. e4 Nbd7 10. h3 h6 11. Be3 Nb6 12. Qe2 Be6 13. Rfd1 Qc8 14. Kh2 Bc4 15.
Qd2 Kh7 16. b3 Be6 17. Rac1 Qe8 18. Ne1 Rd8 19. f4 Bc8 20. Qf2 Bg4 21. Rd2 Bc8
22. Nd3 Nfd7 23. a4 Nb8 24. a5 N6d7 25. e5 Na6 26. d5 cxd5 27. Nxd5 Ndb8 28.
Bxa7 Be6 29. Nc5 Nxc5 30. Bxc5 Bxd5 31. Bxd5 Nc6 32. Bb6 Rc8 33. Qg2 g5 34. a6
Nb4 35. Rxc8 Qxc8 36. Bxb7 1-0

[Event "Madrid ch Superveteranos 2021-2022"]
[Site "Madrid ESP"]
[Date "2022.04.19"]
[Round "2.3"]
[White "Hurtado Garrido, Reyes"]
[Black "Ciuro Muñoz, Ricardo"]
[Result "1-0"]
[WhiteElo "1606"]
[BlackElo "1895"]
[PlyCount "33"]
[EventDate "2022.04.18"]
[EventType "swiss"]
[EventRounds "7"]
[EventCountry "ESP"]
[SourceTitle "Ajedrez en Madrid"]
[Source "lmi"]
[SourceDate "2022.04.18"]
[SourceVersion "1"]
[SourceVersionDate "2022.04.28"]
[SourceQuality "1"]

1. d4 d5 2. Bf4 e6 3. e3 c5 4. Nf3 Qb6 5. Nc3 cxd4 6. Nb5 Na6 7. exd4 Bd7 8. a4
f6 9. c3 Bxb5 10. Bxb5+ Kf7 11. O-O Nc7 12. Bd3 Bd6 13. Bxd6 Qxd6 14. c4 Ne7
15. c5 Qf4 16. g3 Qg4 17. Ne5+ 1-0

[Event "Madrid ch Superveteranos 2021-2022"]
[Site "Madrid ESP"]
[Date "2022.04.19"]
[Round "2.4"]
[White "Cabañas Bravo, Juan Andres"]
[Black "Maseda Iglesias, Luis"]
[Result "1/2-1/2"]
[WhiteElo "1891"]
[BlackElo "1657"]
[PlyCount "55"]
[EventDate "2022.04.18"]
[EventType "swiss"]
[EventRounds "7"]
[EventCountry "ESP"]
[SourceTitle "Ajedrez en Madrid"]
[Source "lmi"]
[SourceDate "2022.04.18"]
[SourceVersion "1"]
[SourceVersionDate "2022.04.28"]
[SourceQuality "1"]

1. e4 c6 2. d4 d5 3. Nc3 dxe4 4. Nxe4 Nd7 5. Nf3 Ngf6 6. Nxf6+ Nxf6 7. Ne5 e6
8. Be2 Be7 9. O-O O-O 10. Bf3 c5 11. Be3 Qb6 12. Nc4 Qc7 13. b3 Rd8 14. c3 Nd5
15. Qc1 b6 16. Qb2 Ba6 17. Rfe1 cxd4 18. cxd4 Bxc4 19. Rac1 Qd6 20. Rxc4 Rac8
21. Rec1 Rxc4 22. Rxc4 b5 23. Rc1 Bf6 24. Qe2 a6 25. g3 h6 26. Kg2 Re8 27. Qd2
Rd8 28. Qe2 1/2-1/2